Romanzo popolare /
Uloženo v:
| Hlavní autoři: | , , |
|---|---|
| Médium: | Kniha |
| Jazyk: | italština |
| Vydáno: |
Milano :
Bompiani,
[1974]
|
| Edice: | Ombre rosse ;
4 |
| Tagy: |
Žádné tagy, Buďte první, kdo vytvoří štítek k tomuto záznamu!
|
MARC
| LEADER | 00000nam a22000007i 4500 | ||
|---|---|---|---|
| 001 | IT\ICCU\RAV\0050174 | ||
| 003 | ItRI | ||
| 005 | 20231215112222.0 | ||
| 008 | 890616s1974 it |||||| ||||| |||||c | ||
| 040 | |b ita |c C | ||
| 041 | 7 | |a ita |2 ISO-639-2 | |
| 082 | |a 853.9 |2 21 | ||
| 100 | 0 | |a Age |0 IT\ICCU\CFIV\038076 |4 aut | |
| 245 | 1 | 0 | |a Romanzo popolare / |c Age, Scarpelli, Monicelli. |
| 260 | |a Milano : |b Bompiani, |c [1974] | ||
| 300 | |a 120 p. ; |c 21 cm | ||
| 700 | 1 | |a Monicelli, Mario |0 IT\ICCU\CFIV\020193 |4 aut | |
| 700 | 1 | |a Scarpelli, Furio |0 IT\ICCU\CFIV\038078 |4 aut | |
| 830 | 0 | |a Ombre rosse ; |v 4 |0 IT\ICCU\RAV\0050165 | |
| 942 | |2 ddc |c BK | ||
| 952 | |0 0 |1 0 |2 ddc |4 0 |6 853_900000000000000_AGE_ROR |7 1 |9 421 |a GE |b GE |d 2023-11-10 |l 0 |o 853.9 AGE ROR |p 3931 |r 2023-12-15 11:23:06 |w 2023-12-15 |y BK | ||
| 981 | 1 | |6 z01 |a i |b xxxe | |
| 982 | 1 | |6 z01 |a n | |
| 999 | |c 326 |d 326 | ||